Personnalités politiques de premier plan 2022 (3) - Statistiques

Statistiques générales
  • Ce quiz a été pris 179 fois
    97 depuis la dernière actualisation
  • Le résultat moyen est 11 sur 25
Statistiques - réponses
Hint Réponse % Correct
Maire de Paris (PS) Anne Hidalgo
100%
Candidat EELV à la présidentielle 2022, député européen Yannick Jadot
87%
Candidat "Résistons" à l'élection présidentielle 2022 Jean Lassalle
84%
Candidate Lutte Ouvrière à l'élection présidentielle 2022 Nathalie Arthaud
73%
Maire de Nice (Horizons) Christian Estrosi
70%
Ministre de l'Éducation nationale (LREM) Pap Ndiaye
60%
Députée européenne LFI (tête de liste élections 2019) Manon Aubry
57%
Maire de Béziers (droite radicale, affilié RN) Robert Ménard
57%
Ministre du travail, président de Territoire de progrès Olivier Dussopt
52%
Président de l'Union des Démocrates Indépendants (UDI) Jean-Christophe Lagarde
41%
Ministre de l'Écologie, secrétaire général de Horizons Christophe Béchu
37%
Chef du groupe PS à l'Assemblée nationale Boris Vallaud
36%
Président de la région Normandie (Les Centristes) Hervé Morin
33%
Président de VIA, la voix du peuple (ex PCD) Jean-Frédéric Poisson
33%
Maire de Lyon (EELV) Grégory Doucet
31%
Président de la région PACA (DVD) Renaud Muselier
30%
Fondateur de "révolution permanente", dissident NPA Anasse Kazib
28%
Sénateur des Bouches-du-Rhone soutien d'Éric Zemmour Stéphane Ravier
28%
Candidat arrivé en 3e position du Congrès des Républicains Michel Barnier
27%
Présidente des Engagés, députée La France Insoumise Clémentine Autain
26%
Maire de Dijon - et ancien ministre (ex PS) François Rebsamen
26%
Maire de Hénin Beaumont (RN) Steeve Briois
26%
Présidente par intérim de LR Annie Genevard
24%
Militante Gilet Jaune et porte-parole d'Éric Zemmour en 2022 Jacline Mouraud
14%
Cheffe du groupe communiste au Sénat Éliane Assassi
9%
Aucun quiz correspondant
Distribution des résultats
% des personnes avec chaque résultat
Percentile par nombre de réponses
Votre historique - résultats
Vous n’avez pas pris ce quiz depuis la dernière actualisation